[Event "Bialystok Zamenhof Memorial 43rd"]
[Site "Bialystok"]
[Date "2024.12.28"]
[Round "3"]
[White "Cukrowski, Filip"]
[Black "Kulig, Pawel"]
[Result "1/2-1/2"]
[WhiteElo "2403"]
[BlackElo "2033"]
[PlyCount "91"]
[EventDate "2024.12.27"]
[EventType "swiss"]
[EventRounds "9"]
[EventCountry "POL"]
[SourceTitle "CB02_2025"]
[SourceDate "2025.01.08"]
[SourceVersion "1"]
[SourceVersionDate "2025.01.08"]
[SourceQuality "1"]

1. d4 Nf6 2. Nf3 g6 3. g3 d5 4. Bg2 Bg7 5. c4 c6 6. 0-0 0-0 7. cxd5 cxd5 8. Nc3 Ne4 9. Ne5 Bf5 10. Qa4 Nc6 11. Nxc6 bxc6 12. Nxe4 dxe4 13. Be3 Rb8 14. Rab1 Qd7 15. Rfc1 Rb5 16. Rc5 Rfb8 17. b3 Rb4 18. Qxc6 Qxc6 19. Rxc6 Bxd4 20. Rc7 Bxe3 21. fxe3 a5 22. Rxe7 a4 23. Kf2 Kf8 24. Ra7 axb3 25. Rxb3 Rxb3 26. axb3 Rxb3 27. Ra4 Rb1 28. Bxe4 Bxe4 29. Rxe4 Rh1 30. Kg2 Re1 31. Kf2 Rh1 32. h4 h5 33. Ra4 Ke7 34. e4 Rb1 35. Ra6 Rb3 36. Ra1 Ke6 37. e3 Rb2+ 38. Kf3 Rb4 39. Ra6+ Ke7 40. e5 Rc4 41. e4 Rb4 42. Kf4 Rb3 43. Ra7+ Ke6 44. Ra6+ Ke7 45. Rc6 Ra3 46. Rb6 1/2-1/2

[Event "Bialystok Zamenhof Memorial 43rd"]
[Site "Bialystok"]
[Date "2024.12.27"]
[Round "1"]
[White "Cukrowski, Filip"]
[Black "Baginskaite, Camilla"]
[Result "1-0"]
[WhiteElo "2403"]
[BlackElo "2091"]
[PlyCount "55"]
[EventDate "2024.12.27"]
[EventType "swiss"]
[EventRounds "9"]
[EventCountry "POL"]
[SourceTitle "CB02_2025"]
[SourceDate "2025.01.08"]
[SourceVersion "1"]
[SourceVersionDate "2025.01.08"]
[SourceQuality "1"]

1. d4 Nf6 2. c4 e6 3. Nf3 d5 4. g3 dxc4 5. Bg2 Bb4+ 6. Nbd2 b5 7. a4 c6 8. Qc2 0-0 9. axb5 Bb7 10. Qxc4 a5 11. bxa6 Rxa6 12. Rxa6 Nxa6 13. Ne5 Qa5 14. Qc2 Qb6 15. 0-0 Rc8 16. Ne4 Be7 17. Ng5 Qxd4 18. Ngxf7 Nc5 19. Be3 Qa4 20. Qxa4 Nxa4 21. Bh3 Re8 22. Bxe6 Kf8 23. Ng5 Bc5 24. Bf4 Bb4 25. Nxh7+ Ke7 26. Ng5 Nd5 27. Bd7 Nxf4 28. gxf4 1-0

[Event "Timisoara Foisor Memorial Rapid"]
[Site "Timisoara"]
[Date "2024.08.04"]
[Round "6"]
[White "Lagarde, Maxime"]
[Black "Cukrowski, Filip"]
[Result "1-0"]
[WhiteElo "2615"]
[BlackElo "2409"]
[PlyCount "99"]
[EventDate "2024.08.03"]
[EventType "swiss (rapid)"]
[EventRounds "9"]
[EventCountry "ROU"]
[SourceTitle "CBM 221 Extra"]
[Source "ChessBase"]
[SourceDate "2024.09.30"]
[SourceVersion "1"]
[SourceVersionDate "2024.09.30"]
[SourceQuality "1"]

1. e4 c5 2. Nc3 d6 3. f4 g6 4. d4 cxd4 5. Qxd4 Nf6 6. Nf3 Nc6 7. Qf2 d5 8. e5 d4 9. Nxd4 Ng4 10. Nxc6 Nxf2 11. Nxd8 Nxh1 12. Be3 Kxd8 13. 0-0-0+ Kc7 14. Bc4 Bd7 15. Rxh1 e6 16. Ne4 Be7 17. Ng5 Be8 18. Rf1 h6 19. Nf3 Bc6 20. g3 b6 21. Nd4 Bc5 22. c3 h5 23. h4 Rad8 24. Re1 Bxd4 25. Bxd4 Bd5 26. Bb3 Bxb3 27. axb3 Kc6 28. Kc2 Rd5 29. b4 Rhd8 30. Be3 Rd3 31. c4 a5 32. b5+ Kb7 33. b3 a4 34. bxa4 Ra3 35. c5 bxc5 36. Bxc5 Rc8 37. Kb2 Rxa4 38. Kb3 Ra5 39. Kb4 Ra2 40. Rc1 Rb2+ 41. Kc4 Rd2 42. Kb4 Rd4+ 43. Kb3 Rd3+ 44. Kb4 Rxg3 45. Rd1 Rf3 46. b6 Rxf4+ 47. Kb5 Rb8 48. Rd7+ Kc8 49. Kc6 Rc4 50. Rxf7 1-0

[Event "Suwalki Warakomska Memorial 8th"]
[Site "Suwalki"]
[Date "2024.07.20"]
[Round "3"]
[White "Cukrowski, Filip"]
[Black "Backiel, Hubert"]
[Result "1-0"]
[WhiteElo "2403"]
[BlackElo "2153"]
[PlyCount "121"]
[EventDate "2024.07.18"]
[EventType "swiss"]
[EventRounds "9"]
[EventCountry "POL"]
[SourceTitle "EXT 2025"]
[Source "ChessBase"]
[SourceDate "2024.10.14"]
[SourceVersion "1"]
[SourceVersionDate "2024.10.14"]
[SourceQuality "1"]

1. d4 d5 2. c4 e6 3. Nf3 Nf6 4. g3 dxc4 5. Bg2 Nc6 6. Qa4 Bb4+ 7. Bd2 Nd5 8. Bxb4 Ndxb4 9. Na3 0-0 10. 0-0 Rb8 11. Qb5 b6 12. Qxc4 Ba6 13. Nb5 Qe8 14. Rfc1 Nd5 15. Qxc6 Qxc6 16. Rxc6 Bxb5 17. Rc2 Rfc8 18. Ne5 c5 19. Bxd5 exd5 20. a4 Be8 21. a5 c4 22. axb6 axb6 23. Ng4 Ra8 24. Rcc1 Ra5 25. Rxa5 bxa5 26. Ra1 a4 27. Ne3 Bc6 28. Kf1 Rb8 29. Nd1 Kf8 30. Ke1 Ke7 31. Kd2 Kd6 32. Kc2 Re8 33. Nc3 f5 34. h4 Rf8 35. Ra3 f4 36. Nxa4 fxg3 37. fxg3 Rf2 38. Kd2 Rg2 39. Nc5 Bb5 40. Re3 Bd7 41. Nxd7 Kxd7 42. b3 cxb3 43. Rxb3 Ke6 44. Ke1 Rg1+ 45. Kf2 Rd1 46. Ke3 Ra1 47. g4 h6 48. Rb6+ Ke7 49. Rg6 Kf7 50. h5 Ra4 51. Rd6 Ra5 52. Kf4 Ke7 53. Rg6 Kf7 54. e3 Rb5 55. Rc6 Rb1 56. Rd6 Rb5 57. Kf5 Rb3 58. Rd7+ Kf8 59. Kg6 Rxe3 60. Rf7+ Ke8 61. Rxg7 1-0

[Event "Suwalki Warakomska Memorial 8th"]
[Site "Suwalki"]
[Date "2024.07.18"]
[Round "1"]
[White "Cukrowski, Filip"]
[Black "Zarnowski, Krzysztof"]
[Result "1-0"]
[WhiteElo "2403"]
[BlackElo "2168"]
[PlyCount "63"]
[EventDate "2024.07.18"]
[EventType "swiss"]
[EventRounds "9"]
[EventCountry "POL"]
[SourceTitle "EXT 2025"]
[Source "ChessBase"]
[SourceDate "2024.10.14"]
[SourceVersion "1"]
[SourceVersionDate "2024.10.14"]
[SourceQuality "1"]

1. d4 Nf6 2. Nf3 e6 3. c4 b6 4. g3 Bb4+ 5. Nbd2 a5 6. Bg2 Bb7 7. 0-0 0-0 8. Qc2 d6 9. Re1 Nbd7 10. e4 e5 11. a3 Bxd2 12. Bxd2 exd4 13. Nxd4 Nc5 14. b3 Re8 15. f3 Nfd7 16. Bc3 Ne5 17. Rad1 f6 18. f4 Nf7 19. b4 axb4 20. axb4 Na4 21. Ba1 c5 22. Nf5 cxb4 23. e5 Bxg2 24. e6 Rxe6 25. Rxe6 Nc5 26. Re3 Bh3 27. Ne7+ Kh8 28. Qe2 Ra3 29. Rxa3 bxa3 30. g4 Ne5 31. fxe5 Qxe7 32. Qf3 1-0

[Event "Warsaw Najdorf Memorial op-A"]
[Site "Warsaw"]
[Date "2024.07.10"]
[Round "2"]
[White "Rekuc, Patryk"]
[Black "Cukrowski, Filip"]
[Result "1/2-1/2"]
[WhiteElo "2107"]
[BlackElo "2403"]
[PlyCount "35"]
[EventDate "2024.07.09"]
[EventType "swiss"]
[EventRounds "9"]
[EventCountry "POL"]
[SourceTitle "EXT 2025"]
[Source "ChessBase"]
[SourceDate "2024.10.14"]
[SourceVersion "1"]
[SourceVersionDate "2024.10.14"]
[SourceQuality "1"]

1. d4 Nf6 2. c4 e6 3. Nf3 b6 4. e3 Bb7 5. Bd3 g6 6. Nc3 d5 7. 0-0 Bg7 8. b3 0-0 9. Bb2 Nbd7 10. Qe2 c5 11. cxd5 exd5 12. Ba6 Qc8 13. Bxb7 Qxb7 14. Rfd1 Rfe8 15. dxc5 bxc5 16. Qb5 Qxb5 17. Nxb5 Rec8 18. Ne5 1/2-1/2

[Event "Karlsruhe Grenke op"]
[Site "Karlsruhe"]
[Date "2024.03.31"]
[Round "6"]
[White "Peil, Christoph"]
[Black "Cukrowski, Filip"]
[Result "0-1"]
[WhiteElo "2268"]
[BlackElo "2394"]
[PlyCount "86"]
[EventDate "2024.03.28"]
[EventType "swiss"]
[EventRounds "9"]
[EventCountry "GER"]
[SourceTitle "EXT 2025"]
[Source "ChessBase"]
[SourceDate "2024.10.14"]
[SourceVersion "1"]
[SourceVersionDate "2024.10.14"]
[SourceQuality "1"]

1. e4 c5 2. Nc3 d6 3. d4 cxd4 4. Qxd4 Nc6 5. Qd2 Nf6 6. b3 a6 7. Bb2 e6 8. 0-0-0 Be7 9. Kb1 Qa5 10. f3 h5 11. Nh3 Bd7 12. Rg1 0-0-0 13. Ng5 Be8 14. Bc4 d5 15. exd5 exd5 16. Bd3 d4 17. Nce4 Qxd2 18. Rxd2 Nd5 19. g4 g6 20. a3 b5 21. Rf2 Nc7 22. f4 f6 23. gxh5 fxg5 24. hxg6 Bxg6 25. f5 Bh5 26. f6 Bf8 27. Nxg5 Ne5 28. Bf5+ Kb8 29. Rf4 Bc5 30. b4 Bb6 31. Re1 Nf7 32. Ne6 Nxe6 33. Rxe6 Nd6 34. Bd3 Bf7 35. Re7 Rxh2 36. Bxd4 Rh1+ 37. Kb2 Nc4+ 38. Kc3 Rc8 39. Bf5 Ra1 40. Kd3 Rd1+ 41. Kc3 Bxd4+ 42. Rxd4 Nb6+ 43. Bxc8 Na4# 0-1

[Event "Karlsruhe Grenke op"]
[Site "Karlsruhe"]
[Date "2024.03.30"]
[Round "5"]
[White "Cukrowski, Filip"]
[Black "Besou, Hussain"]
[Result "1/2-1/2"]
[WhiteElo "2394"]
[BlackElo "2239"]
[PlyCount "38"]
[EventDate "2024.03.28"]
[EventType "swiss"]
[EventRounds "9"]
[EventCountry "GER"]
[SourceTitle "EXT 2025"]
[Source "ChessBase"]
[SourceDate "2024.10.14"]
[SourceVersion "1"]
[SourceVersionDate "2024.10.14"]
[SourceQuality "1"]

1. d4 Nf6 2. c4 e6 3. Nf3 b6 4. g3 Ba6 5. Qc2 c5 6. d5 exd5 7. cxd5 Bb7 8. Bg2 Nxd5 9. 0-0 Nc6 10. Rd1 Be7 11. Qf5 Nf6 12. e4 g6 13. Qf4 0-0 14. e5 Nh5 15. Qc4 Qc7 16. Bh6 Ng7 17. Nc3 Nxe5 18. Nxe5 Bxg2 19. Rxd7 Qxe5 1/2-1/2

[Event "POL-ch Rapid"]
[Site "Lublin"]
[Date "2023.10.07"]
[Round "9"]
[White "Cukrowski, Filip"]
[Black "Kolodziejski, Piotr"]
[Result "1-0"]
[WhiteElo "2402"]
[BlackElo "2227"]
[PlyCount "83"]
[EventDate "2023.10.07"]
[EventType "swiss (rapid)"]
[EventRounds "9"]
[EventCountry "POL"]
[SourceTitle "CBM 216 Extra"]
[Source "ChessBase"]
[SourceDate "2023.11.30"]
[SourceVersion "1"]
[SourceVersionDate "2023.11.30"]
[SourceQuality "1"]

1. d4 Nf6 2. c4 e6 3. Nf3 b6 4. g3 Ba6 5. Qc2 c5 6. d5 exd5 7. cxd5 d6 8. Bg2 g6 9. Nc3 Bg7 10. Qa4+ Qd7 11. Qh4 h6 12. Bh3 Qb7 13. 0-0 g5 14. Qa4+ b5 15. Qc2 g4 16. Ne4 Qxd5 17. Nxf6+ Bxf6 18. Bg2 gxf3 19. Bxf3 Qe6 20. Bxa8 Nd7 21. Rd1 Nb6 22. Bc6+ Ke7 23. Bf4 Be5 24. Bxe5 Qxe5 25. Rd3 Kd8 26. Rad1 Kc7 27. Re3 Qg5 28. h4 Qf6 29. Bd5 Nxd5 30. Rxd5 Bb7 31. Rf5 Qg6 32. Re7+ Kb6 33. Qd3 Bc6 34. a4 bxa4 35. Rexf7 Qg4 36. R7f6 Qh3 37. e4 Re8 38. Rxd6 Qg4 39. Rxc6+ Kxc6 40. Qa6+ Kd7 41. Rf7+ Kd8 42. Qa5+ 1-0

[Event "POL-ch Rapid"]
[Site "Lublin"]
[Date "2023.10.07"]
[Round "7"]
[White "Cukrowski, Filip"]
[Black "Rudzinska, Michalina"]
[Result "0-1"]
[WhiteElo "2402"]
[BlackElo "2228"]
[PlyCount "152"]
[EventDate "2023.10.07"]
[EventType "swiss (rapid)"]
[EventRounds "9"]
[EventCountry "POL"]
[SourceTitle "CBM 216 Extra"]
[Source "ChessBase"]
[SourceDate "2023.11.30"]
[SourceVersion "1"]
[SourceVersionDate "2023.11.30"]
[SourceQuality "1"]

1. d4 Nf6 2. c4 e6 3. Nf3 b6 4. g3 Bb7 5. Bg2 Bb4+ 6. Nbd2 0-0 7. 0-0 Bxd2 8. Qxd2 d6 9. Qf4 Nbd7 10. Qh4 Be4 11. Rd1 h6 12. g4 Nh7 13. Qg3 f5 14. gxf5 exf5 15. Bxh6 Qf6 16. Bf4 Kh8 17. Ng5 Bxg2 18. Kxg2 Nxg5 19. Qxg5 Qe6 20. Qh5+ Kg8 21. d5 Qe4+ 22. Qf3 Rae8 23. e3 Rf6 24. Qxe4 Rxe4 25. h4 Rxc4 26. Rac1 Rxc1 27. Rxc1 Nc5 28. b4 Na6 29. a3 Kf8 30. Kf3 Ke8 31. Bg5 Rf7 32. Kf4 Kd7 33. h5 Nb8 34. b5 Kc8 35. Bh4 Nd7 36. Rg1 Ne5 37. Rg5 Nd3+ 38. Kf3 Ne5+ 39. Ke2 f4 40. e4 f3+ 41. Kf1 Nc4 42. Rf5 Ne5 43. Bg3 Rxf5 44. exf5 Nf7 45. Bf4 Kd7 46. f6 gxf6 47. h6 Ke7 48. h7 f5 49. Bh6 Kf6 50. Bf8 Kg6 51. Kg1 Kxh7 52. Kh2 Ne5 53. Be7 Ng6 54. Bd8 Nf4 55. Bxc7 Nxd5 56. Bxd6 Nc3 57. Bb8 Nxb5 58. a4 Nc3 59. Bxa7 Nxa4 60. Kg3 b5 61. Kxf3 b4 62. Ke3 b3 63. Kd2 Kg6 64. Bd4 Kg5 65. Ba7 Kg4 66. Bd4 Kf3 67. Ba7 Ke4 68. Be3 Nb2 69. Ba7 Nc4+ 70. Kc3 b2 71. Kc2 Kd5 72. Bb8 Kc5 73. Bf4 Kb4 74. Bg5 Ka3 75. Kb1 Kb3 76. f3 Na3# 0-1

[Event "POL-ch Rapid"]
[Site "Lublin"]
[Date "2023.10.07"]
[Round "3"]
[White "Cukrowski, Filip"]
[Black "Zerebiec, Maurycy"]
[Result "1/2-1/2"]
[WhiteElo "2402"]
[BlackElo "1980"]
[PlyCount "120"]
[EventDate "2023.10.07"]
[EventType "swiss (rapid)"]
[EventRounds "9"]
[EventCountry "POL"]
[SourceTitle "CBM 216 Extra"]
[Source "ChessBase"]
[SourceDate "2023.11.30"]
[SourceVersion "1"]
[SourceVersionDate "2023.11.30"]
[SourceQuality "1"]

1. d4 d5 2. c4 c6 3. Nf3 Nf6 4. Nc3 e6 5. g3 Be7 6. Bg2 0-0 7. 0-0 Nbd7 8. a4 dxc4 9. Nd2 e5 10. Nxc4 exd4 11. Qxd4 Nb6 12. Qxd8 Rxd8 13. Nxb6 axb6 14. Be3 Bc5 15. Bg5 Be6 16. Rfd1 Bd4 17. Rd2 Bxc3 18. Rxd8+ Rxd8 19. bxc3 Ra8 20. h4 Nd5 21. Bd2 Nc7 22. Rb1 b5 23. Bf4 Nd5 24. axb5 Nxc3 25. bxc6 Nxb1 26. cxb7 Rd8 27. Bc7 Rf8 28. b8Q Rxb8 29. Bxb8 Nc3 30. Bf3 Bd5 31. Bxd5 Nxd5 32. f3 f5 33. Kf2 Kf7 34. Be5 g6 35. e3 Ke6 36. Bd4 Nb4 37. Ke2 Kd5 38. Bc3 Na6 39. Bd4 Nb4 40. Kd2 Kc4 41. Bg7 Kd5 42. Bh8 Nc6 43. Bc3 Nd8 44. Kd3 Nf7 45. e4+ fxe4+ 46. fxe4+ Ke6 47. Ke3 Kd6 48. Kf4 Ke6 49. g4 Kd6 50. Bf6 Ke6 51. e5 Kd5 52. g5 Ke6 53. Ke4 h6 54. h5 gxh5 55. g6 Ng5+ 56. Kf4 h4 57. g7 Kf7 58. Kg4 h3 59. Kg3 Ne6 60. Kxh3 Nxg7 1/2-1/2